Estadísticas para POKÉMON 9ª Generación

Haz click aquí para intentar la prueba.

Estadísticas generales

  • Esta prueba ha sido intentada 76 veces
    (70 desde el último reinicio)
  • La puntuación promedio es 38 de 103

Estadísticas de respuestas

TIPOPOKÉMON% Correcto
#4FuegoFuecoco
74%
#3Planta/SiniestroMeowscarada
70%
#7AguaQuaxly
69%
#2PlantaFloragato
65%
#10NormalLechonk
61%
#102Lucha/DragónKoraidon
59%
#103Eléctrico/DragónMiraidon
59%
#9Agua/LuchaQuaquaval
54%
#5FuegoCrocalor
52%
#6Fuego/FantasmaSkeledirge
52%
#97Siniestro/HieloChien-Pao
46%
#101Hada/LuchaFerropaladín
46%
#87Lucha/EléctricoFerropalmas
46%
#95Fantasma/AceroGholdengo
46%
#11NormalOinkologne
46%
#16EléctricoPawmi
46%
#17Eléctrico/LuchaPawmo
44%
#18Eléctrico/LuchaPawmot
44%
#79Tierra/LuchaColmilargo
43%
#94FantasmaGimmighoul
43%
#38Eléctrico/VoladorKilowattrel
43%
#58Hada/AceroTinkaton
43%
#33Fuego/PsíquicoArmarouge
41%
#93Dragón/HieloBaxcalibur
41%
#100Dragón/SiniestroBramaluna
41%
#86Hielo/AguaFerrosaco
41%
#8AguaQuaxwell
41%
#31Lucha/FantasmaAnnihilape
39%
#77AguaDondozo
39%
#88Siniestro/VoladorFerrocuello
39%
#85Tierra/AceroFerrodada
39%
#89Fuego/VenenoFerropolilla
39%
#82Fantasma/HadaMelenaleteo
39%
#24Planta/NormalSmoliv
39%
#13BichoSpidops
39%
#37Eléctrico/VoladorWattrel
39%
#26Planta/NormalArboliva
37%
#34Fuego/FantasmaCeruledge
37%
#32FuegoCharcadet
37%
#80Hada/PsíquicoColagrito
37%
#66Dragón/NormalCyclizar
37%
#15Bicho/SiniestroLokix
37%
#42SiniestroMabosstiff
37%
#63AguaPalafin
37%
#12BichoTarountula
37%
#57Hada/AceroTinkatuff
37%
#92Dragón/HieloArctibax
35%
#74HieloCetitan
35%
#73HieloCetoddle
35%
#99Siniestro/FuegoChi-Yu
35%
#55PsíquicoEspathra
35%
#90Roca/EléctricoFerropúas
35%
#91Dragón/HieloFrigibax
35%
#69Veneno/RocaGlimmora
35%
#28RocaNacli
35%
#78Dragón/AguaTatsugiri
35%
#56Hada/AceroTinkatink
35%
#61Volador/SiniestroBombirdier
33%
#62AguaFinizen
33%
#81Planta/SiniestroFurioseta
33%
#30RocaGarganacl
33%
#68Veneno/RocaGlimmet
33%
#75Siniestro/AceroKingambit
33%
#52BichoRellor
33%
#72Volador/LuchaFlamingo
31%
#54PsíquicoFlittle
31%
#29RocaNaclstack
31%
#14BichoNymble
31%
#67AceroOrthworm
31%
#53Bicho/PsíquicoRabsca
31%
#83Bicho/LuchaReptalada
31%
#98Siniestro/TierraTing-Lu
31%
#96Siniestro/PlantaWo-Chien
31%
#60AguaWugtrio
31%
#19Veneno/TierraClodsire
30%
#25Planta/NormalDolliv
30%
#39NormalDudunsparce
30%
#40Normal/PsíquicoFarigiraf
30%
#22HadaFidough
30%
#41SiniestroMaschiff
30%
#84Eléctrico/TierraPelarena
30%
#1PlantaSpirigatito
30%
#59AguaWiglett
30%
#36EléctricoBellibolt
28%
#49RocaKlawf
28%
#21NormalMaushold
28%
#65Veneno/AceroRevavroom
28%
#76Agua/PsíquicoVeluza
28%
#44Veneno/NormalGrafaiai
26%
#20NormalTandemaus
26%
#47Planta/TierraToedscool
26%
#48Planta/TierraToedscruel
26%
#64Veneno/AceroVaroom
26%
#23HadaDachsbun
24%
#27Normal/VoladorSquawkabilly
24%
#50PlantaCapsakid
22%
#70FantasmaGreavard
22%
#71FantasmaHoundstone
22%
#51Planta/FuegoScovillain
22%
#43Veneno/NormalShroodle
22%
#46Planta/FantasmaBrambleghast
19%
#45Planta/FantasmaBramblin
19%
#35EléctricoTadbuld
17%

Distribución de puntuación

Porcentaje por número respondido

Porcentaje de gente con cada puntuación

Historial de tus puntuaciones

No has intentado esta prueba desde el último reinicio